[Event "MTO"]
[Site "Biel SUI"]
[Date "2007.07.23"]
[Round "1"]
[White "Makarov,M"]
[Black "Mokal,A"]
[Result "1/2-1/2"]
[WhiteElo "2518"]
[BlackElo "2038"]

1.d4 Nf6 2.Nf3 e6 3.c4 b6 4.a3 Bb7 5.Nc3 d5 6.cxd5 Nxd5 7.Bd2 c5 8.dxc5 Bxc5
9.Nxd5 Qxd5 10.Bc3 O-O 11.Qxd5 Bxd5 12.Ne5 Rd8 13.Nd3 Be7 14.e3 Nd7 15.Nb4 Bb7
16.Ba6 Bxa6 17.Nxa6 Nf6 18.Rc1 Rd7 19.Be5 Rad8 20.Nb8 Rd5 21.Nc6 R8d7 22.Nxe7+ Rxe7
23.Rc8+ Re8 24.Rxe8+ Nxe8 25.Bb8 Rb5 26.Bxa7 Rxb2 27.O-O Kf8 28.h3 Ke7 29.Rc1 Kd7
30.Bb8 Rb3 31.a4 Rb4 32.Ra1 f6 33.Bg3 e5 34.f3 Nd6 35.e4 Ke6 36.Be1 Rb2 37.Rc1 Kd7
38.Bf2 Rb4 39.Rd1 Kc6 40.Ra1 Nc4 41.h4 g6 42.Be1 Rb2 43.Rc1 Kc5 44.a5 bxa5
45.Bxa5 h5 46.Be1 Ra2 47.Bf2+ Kb4 48.Rd1 f5 49.Be1+ Kb3 50.Rd3+  1/2-1/2

[Event "IMA"]
[Site "Dimitrov RUS"]
[Date "2007.07.24"]
[Round "5"]
[White "Savina,A"]
[Black "Shefer,A"]
[Result "1/2-1/2"]
[WhiteElo "2209"]
[BlackElo "2075"]

1.d4 e6 2.c4 Nf6 3.Nf3 b6 4.a3 Ba6 5.Qc2 c5 6.d5 exd5 7.cxd5 Bb7 8.e4 Qe7
9.Nc3 Nxd5 10.Nb5 a6 11.Bg5 f6 12.O-O-O axb5 13.exd5 Kd8 14.Bf4 d6 15.Bxb5 Nd7
16.Rhe1 Ne5 17.Nxe5 fxe5 18.Bg3 g5 19.f4 gxf4 20.Bxf4 Bg7 21.Be3 Kc7 22.Qe4 Raf8
23.Rf1 Rxf1 24.Rxf1 Rf8 25.Rxf8 Bxf8 26.Be2 Qf7 27.Bf3 h6 28.b4 Qd7 29.bxc5 bxc5
30.Qc4 Kb6 31.Be2 Qf7 32.Bf3 Qd7 33.Be2 Qc8 34.Bg4 Qe8 35.a4 Ba6 36.Qb3+ Ka7
37.Bd2 Qd8 38.Qf3 Qe7 39.Qf5 Bb7 40.Bf3 Bg7 41.Qe4 Qc7 42.a5 Qd7 43.Be2 Qf7
44.Bf3 Qd7 45.Be2 Qf7  1/2-1/2

[Event "ch-ITA U20"]
[Site "Fiuggi ITA"]
[Date "2007.07.24"]
[Round "7"]
[White "Pomaro,A"]
[Black "Cantu,G"]
[Result "0-1"]
[WhiteElo "2149"]
[BlackElo "1854"]

1.d4 Nf6 2.c4 e6 3.Nf3 b6 4.a3 Bb7 5.Nc3 Ne4 6.Qc2 f5 7.d5 Nxc3 8.Qxc3 Qf6
9.Qd3 Bd6 10.Bd2 Na6 11.Bc3 Nc5 12.Qc2 Qe7 13.Nd4 Ne4 14.dxe6 dxe6 15.e3 Nxc3
16.Qxc3 Be5 17.Qc2 O-O 18.Nf3 Bf6 19.Bd3 Rad8 20.O-O-O Rd6 21.e4 Bg5+ 22.Kb1 Rxd3
23.Rxd3 Bxe4 24.Rhd1 Bxd3 25.Qxd3 Rd8 26.Qxd8+ Qxd8 27.Rxd8+ Bxd8 28.Nd4 Kf7
29.Nc6 Ke8 30.Nxa7 Kd7 31.Nb5 Bf6 32.Kc2 e5 33.f3 c6 34.Nc3 Kd6 35.b4 Bh4
36.g3 Bg5 37.Nd1 e4 38.fxe4 fxe4 39.Nc3 Ke5 40.Na4 Kd4 41.Nxb6 e3 42.Kd1 Kd3  0-1

[Event "MTO"]
[Site "Biel SUI"]
[Date "2007.07.27"]
[Round "5"]
[White "De Andres Gonalons,F"]
[Black "Battaggia,P"]
[Result "1-0"]
[WhiteElo "2120"]
[BlackElo "2083"]

1.d4 Nf6 2.c4 e6 3.Nf3 b6 4.a3 Ba6 5.e3 Be7 6.Nc3 d5 7.Ne5 O-O 8.Be2 c6 9.O-O Qc7
10.cxd5 Bxe2 11.Qxe2 cxd5 12.Bd2 Nbd7 13.Nd3 Rac8 14.Rfc1 Qb7 15.f3 Bd6 16.Nb5 Bb8
17.Bb4 Rxc1+ 18.Nxc1 Rc8 19.Bd6 Rc6 20.Bxb8 Qxb8 21.Nd3 a6 22.Nb4 Rc4 23.Nxa6 Qa8
24.b3  1-0

[Event "Najdorf Mem GpA"]
[Site "Grodzisk Mazowiecki POL"]
[Date "2007.07.27"]
[Round "8"]
[White "Szymanski,M"]
[Black "Yaremko,N"]
[Result "1-0"]
[WhiteElo "2429"]
[BlackElo "2351"]

1.d4 Nf6 2.c4 e6 3.Nf3 b6 4.a3 Be7 5.Nc3 Bb7 6.Qd3 d5 7.cxd5 Nxd5 8.g3 Nxc3
9.bxc3 Nc6 10.Bg2 Na5 11.O-O c5 12.e4 O-O 13.Bf4 Rc8 14.Rfd1 Qd7 15.d5 c4
16.Qc2 exd5 17.exd5 Nb3 18.Rab1 Bf6 19.Bg5 Qd6 20.Bf4 Qxa3 21.d6 Rcd8 22.d7 Nc5
23.Bd6 Rxd7 24.Bxf8 Kxf8 25.Qxh7 Qxc3 26.Rxd7 Nxd7 27.Nh4 Bxg2 28.Qh8+ Ke7
29.Nf5+ Ke6 30.Qe8+ Kxf5 31.Qxd7+ Kg6 32.Kxg2 Qd4 33.Qxd4 Bxd4 34.Rb4 a5
35.Rxc4 Bf6 36.Rc6 b5 37.Rc5 b4 38.Rxa5 b3 39.Rb5 b2 40.Kf3 Bd4 41.Ke4 Bc3
42.Rb6+ Kh7 43.Kd3 Bf6 44.Kc2 Bd4 45.Rb4 Bxf2 46.Rxb2 Bd4 47.Rb4 Bg1 48.Rb1 Bc5
49.Kd3 g6 50.Ke4 Kg7 51.Rb7 Bg1 52.h3 Bf2 53.Rb3 Be1 54.Re3 Bf2 55.Rf3 Be1
56.Ke5 Bb4 57.Kd5 Ba5 58.Kd6 Be1 59.g4 Bh4 60.Kd7 Kf8 61.Rb3 Bg5 62.Rb5 Bh4
63.Rb1 Kg7 64.Rf1 Kf8 65.Rf3 Be7 66.Rb3 Bh4 67.Rb5 Bg3 68.Rc5 Bf2 69.Rc8+ Kg7
70.Ke8 f5 71.gxf5 gxf5 72.Ke7 Kg6 73.Rg8+ Kh5 74.Kf6 Bd4+ 75.Kxf5 Bb2 76.Rb8 Bd4
77.Rb7 Kh6 78.Kg4 Kg6 79.Rc7 Bb2 80.Rc6+ Kh7 81.Kg5 Bf6+ 82.Kg4 Kg6  1-0

[Event "2nd Crete Summer Cup"]
[Site "Agios Nikolaos GRE"]
[Date "2007.07.28"]
[Round "8"]
[White "Gabaldon Gomez,M"]
[Black "Karlovich,A"]
[Result "0-1"]
[WhiteElo "2199"]
[BlackElo "2207"]

1.Nf3 Nf6 2.c4 e6 3.d4 b6 4.a3 Bb7 5.Nc3 c5 6.d5 exd5 7.cxd5 d6 8.Bf4 b5
9.e4 a6 10.Be2 Nbd7 11.Nd2 Be7 12.O-O O-O 13.Qc2 Nb6 14.a4 b4 15.Nd1 a5 16.Ne3 Ne8
17.Bb5 Nc7 18.Ndc4 Nxc4 19.Bxc4 Bg5 20.Bxg5 Qxg5 21.f4 Qf6 22.Rad1 Rad8 23.g4 h6
24.Qf2 Rfe8 25.Bd3 Ba6 26.g5 hxg5 27.Ng4 Qd4 28.Bxa6 Qxf2+ 29.Nxf2 Nxa6 30.fxg5 b3
31.Rc1 Rb8 32.Rc4 Nb4 33.h4 Nc2 34.Ng4 Rb4 35.Rxb4 axb4 36.Rf4 c4 37.e5 c3
38.Rf1 dxe5 39.bxc3 bxc3 40.Nf2 Ne3 41.Re1 b2 42.Nd3 Nxd5 43.a5 Ra8 44.Nxe5 c2  0-1

[Event "IMA"]
[Site "Dimitrov RUS"]
[Date "2007.07.28"]
[Round "13"]
[White "Savina,A"]
[Black "Tologontegin,S"]
[Result "1/2-1/2"]
[WhiteElo "2209"]
[BlackElo "2320"]

1.d4 Nf6 2.c4 e6 3.Nf3 b6 4.a3 Ba6 5.Qc2 Bb7 6.Nc3 c5 7.e4 cxd4 8.Nxd4 Bc5
9.Nb3 Nc6 10.Bg5 h6 11.Bh4 Nd4 12.Nxd4 Bxd4 13.Bd3 Be5 14.O-O-O O-O 15.Rhe1 Rc8
16.Kb1 Qc7 17.Bg3 a6 18.Qe2 Ne8 19.Bxe5 Qxe5 20.g3 Nd6 21.f4 Qc5 22.e5 Nxc4
23.Bxc4 Qxc4 24.Qxc4 Rxc4 25.Rxd7 Bc6 26.Ra7 a5 27.Rd1 h5 28.Ka2 Rc8 29.Ra6 Rb8
30.Rd6 a4 31.Kb1 h4 32.Kc2 h3 33.Kd3 Rc5  1/2-1/2

[Event "Sun Pawn Open"]
[Site "Ilichevsk UKR"]
[Date "2007.07.28"]
[Round "8"]
[White "Bagrationi,A"]
[Black "Nyzhnyk,I"]
[Result "1/2-1/2"]
[WhiteElo "2164"]
[BlackElo "2341"]

1.d4 Nf6 2.Nf3 e6 3.c4 b6 4.a3 Bb7 5.Nc3 d5 6.Bg5 Nbd7 7.cxd5 exd5 8.e3 Be7
9.Bd3 O-O 10.O-O c5 11.Rc1 h6 12.Bh4 Ne4 13.Bxe7 Qxe7 14.Bb1 Ndf6 15.Ne5 Rac8
16.f3 cxd4 17.Qxd4 Nc5 18.Ba2 Rfe8 19.f4 Red8 20.Rfd1 Ne6 21.Qa4 Qc5 22.Re1 a6
23.b4 Qd6 24.Ne2 b5 25.Qb3 Ne4 26.Qb2 Qb6 27.Nd4 Nxd4 28.exd4 Rc4  1/2-1/2

[Event "Sun Pawn Open"]
[Site "Ilichevsk UKR"]
[Date "2007.07.29"]
[Round "9"]
[White "Bagrationi,A"]
[Black "Agafii,V"]
[Result "0-1"]
[WhiteElo "2164"]
[BlackElo "2329"]

1.d4 Nf6 2.c4 e6 3.Nf3 b6 4.a3 Bb7 5.Nc3 d5 6.Bg5 Be7 7.e3 O-O 8.Rc1 Nbd7
9.cxd5 exd5 10.Bd3 c5 11.O-O Re8 12.Bb1 a6 13.h3 Bd6 14.Kh1 c4 15.Bf4 Qc7
16.g3 b5 17.Qc2 g6 18.Nd2 Bc6 19.Kh2 Re6 20.Rfe1 Rae8 21.Nf1 Kg7 22.Qd2 a5
23.Bxd6 Qxd6 24.e4 dxe4 25.Rcd1 b4 26.axb4 axb4 27.Na2 Nd5 28.Ne3 N7b6 29.Rc1 Bb5
30.Qe2 Nxe3 31.fxe3 Ra8 32.Rf1 Re7 33.Rf4 f5 34.Qd2 Nd5 35.Rh4 Rea7 36.Rf1 Rxa2
37.Bxe4 c3 38.Qf2 Rxb2  0-1

[Event "Tsiolkovsky Mem"]
[Site "Kaluga RUS"]
[Date "2007.08.03"]
[Round "1"]
[White "Egorov,P"]
[Black "Kachar,V"]
[Result "0-1"]
[WhiteElo "1882"]
[BlackElo "2371"]

1.d4 Nf6 2.c4 e6 3.Nf3 b6 4.a3 Bb7 5.Nc3 g6 6.d5 Bg7 7.e4 O-O 8.Be2 exd5
9.exd5 Na6 10.O-O Nc5 11.Nd4 a5 12.Be3 a4 13.Rb1 Ne8 14.Bf3 Nd6 15.Ndb5 Nxc4
16.Bxc5 bxc5 17.Nxa4 d6 18.Nac3 Ba6 19.Qc2 Qd7 20.Be2 Nb6 21.a4 Bxc3 22.Nxc3 Bxe2
23.Qxe2 Nxa4 24.f4 Rfe8 25.Qf3 f5 26.h3 Rab8 27.b3 Nxc3 28.Qxc3 Qg7 29.Qd3 Rb4
30.Qg3 Qd4+ 31.Kh2 Qxd5 32.Rbe1 Rbe4 33.Rxe4 Qxe4 34.h4 Qe3 35.Rf3 Qe1 36.Qg5 Qe7
37.Qg3 Kh8 38.Qh3 h5 39.Qg3 Kh7 40.Rd3 Qe2 41.Rf3 Qe1 42.Qg5 Qe7 43.Qg3 d5
44.Qf2 d4 45.Qc2 Qxh4+ 46.Rh3 Qxf4+ 47.g3 Qf1  0-1

[Event "Jihlavanka Cup GMB"]
[Site "Olomouc CZE"]
[Date "2007.08.04"]
[Round "5"]
[White "Zakhartsov,V"]
[Black "Maiorov,N"]
[Result "1/2-1/2"]
[WhiteElo "2559"]
[BlackElo "2487"]

1.d4 Nf6 2.c4 e6 3.Nf3 b6 4.a3 Bb7 5.Nc3 d5 6.cxd5 Nxd5 7.Qc2 Be7 8.e4 Nxc3
9.bxc3 O-O 10.Bd3 c5 11.O-O cxd4 12.cxd4 Qc8 13.Qe2 Ba6 14.Rd1 Bxd3 15.Rxd3 Nd7
16.e5 Re8 17.h4 Qc4 18.Bg5 Bf8 19.Rc1 Qb5 20.Qe4 Rac8 21.Rdc3 Qa6 22.Rc6 h6
23.Bd2 Red8 24.Bb4 Rxc6 25.Qxc6 Bxb4 26.axb4 Nf8 27.Qc7 Re8 28.h5 Qa3 29.b5 Qb2
30.Qc4 Rd8 31.Rc2 Qb1+ 32.Rc1 Qb2 33.Rc2  1/2-1/2

[Event "12th WY U16 Ol"]
[Site "Singapore SIN"]
[Date "2007.08.06"]
[Round "3"]
[White "Rajapaksha,RMCM"]
[Black "So,W"]
[Result "0-1"]
[WhiteElo "2148"]
[BlackElo "2516"]

1.d4 Nf6 2.c4 e6 3.Nf3 b6 4.a3 Bb7 5.Nc3 d5 6.cxd5 Nxd5 7.Qc2 Nxc3 8.bxc3 Nd7
9.e4 c5 10.Bd3 Qc7 11.Bg5 h6 12.Bh4 cxd4 13.cxd4 Qxc2 14.Bxc2 Rc8 15.Ba4 Bd6
16.O-O Bxe4 17.Rac1 Rb8 18.Ne5 Bxe5 19.dxe5 g5 20.Rc7 b5 21.Bxb5 Rxb5 22.Rc8+ Ke7
23.Rxh8 gxh4 24.f4 Rb2 25.Rf2 Rb3 26.Rxh6 Rxa3 27.Rxh4 Ra1+ 28.Rf1 Rxf1+
29.Kxf1 a5 30.Ke2 a4 31.Rh3 Bxg2 32.Rc3 Bd5 33.h4 Kf8 34.Kd2 Nb6 35.Kc1 Kg7
36.Kb2 Bb3 37.Rg3+ Kh7 38.Rd3 Nd5 39.Rd4 Kg6 40.Ka3 Kh5 41.Kb2 Kxh4 42.f5+ Kg5
43.fxe6 fxe6 44.Rd2 Kf5 45.Re2 Nf4 46.Re3 Ng6 47.Kc3 Nxe5 48.Kd4 Ng4 49.Rf3+ Kg5
50.Rf8 a3  0-1

[Event "Open"]
[Site "Callao PER"]
[Date "2007.08.09"]
[Round "2"]
[White "Morales,Lu"]
[Black "Barahona,C"]
[Result "1-0"]
[WhiteElo "2073"]
[BlackElo "2100"]

1.d4 Nf6 2.c4 e6 3.Nf3 b6 4.a3 Bb7 5.Nc3 d5 6.e3 Nbd7 7.cxd5 Nxd5 8.Bb5 a6
9.Bd3 c5 10.e4 N5f6 11.d5 e5 12.a4 Qc7 13.Qe2 Bd6 14.Nh4 g6 15.Bh6 Nh5 16.g3 f6
17.Nf5 Kf7 18.O-O Rhc8 19.Bc4 Kg8 20.Ne7+ Kh8 21.Nxc8 Bxc8 22.Rad1 b5 23.axb5 Nb6
24.b3 a5 25.Na4 Nxa4 26.bxa4 Qf7 27.Bd2 Bh3 28.Rfe1 g5 29.Bc3 Qg6 30.Qf3 Rg8
31.Bf1 Bc8 32.b6 Nf4 33.Rb1 h5 34.Bxa5 Bg4 35.Qe3 h4 36.f3 Bd7 37.g4 Bxa4
38.b7 Qh7 39.Qa3 Qd7 40.Rb6 Bc2 41.Qb2 Bxe4 42.Rxe4 Bb8 43.Rxf6 Nxd5 44.Ra6 Ne7
45.Rxe5 Bxe5 46.Qxe5+ Kh7 47.Bc3 Nc6 48.Rxc6 Qxc6 49.b8=Q  1-0

[Event "ch-Euro Rapid Women"]
[Site "Predeal ROM"]
[Date "2007.08.09"]
[Round "9"]
[White "Cmilyte,V"]
[Black "Javakhishvili,L"]
[Result "1/2-1/2"]
[WhiteElo "2467"]
[BlackElo "2460"]

1.d4 Nf6 2.c4 e6 3.Nf3 b6 4.a3 Bb7 5.Nc3 d5 6.Qc2 dxc4 7.e4 c5 8.dxc5 Bxc5
9.Bxc4 Nbd7 10.O-O O-O 11.b4 Be7 12.Bb2 Qb8 13.Bd3 Rc8 14.Qd2 Rd8 15.Qc2 Rc8
16.Qd2 Rd8 17.Qc2  1/2-1/2

[Event "Scandinavian Chess Tournament"]
[Site "Taby SWE"]
[Date "2007.08.09"]
[Round "8"]
[White "Bartkowiak,D"]
[Black "Arnelind,M"]
[Result "1-0"]
[WhiteElo "2098"]
[BlackElo "2128"]

1.d4 Nf6 2.Nf3 e6 3.a3 b6 4.c4 Bb7 5.Nc3 d5 6.cxd5 Nxd5 7.Bd2 Be7 8.Qa4+ c6
9.e4 Nxc3 10.Bxc3 Nd7 11.Rd1 O-O 12.b4 Qc7 13.Qc2 Rac8 14.Bc4 c5 15.bxc5 bxc5
16.d5 exd5 17.Bxd5 Bf6 18.O-O Bxc3 19.Qxc3 Nb6 20.Rd2 Ba6 21.Rfd1 h6 22.Nh4 Nxd5
23.Rxd5 Bb5 24.Nf3 f6 25.Qb3 Rb8 26.Rd7+ c4 27.Qxb5  1-0

[Event "Arctic Chess Challenge"]
[Site "Tromso NOR"]
[Date "2007.08.10"]
[Round "7"]
[White "Thomassen,J"]
[Black "Hanssen,G"]
[Result "0-1"]
[WhiteElo "2075"]
[BlackElo "2242"]

1.d4 Nf6 2.c4 e6 3.Nf3 b6 4.a3 Bb7 5.Nc3 d5 6.cxd5 Nxd5 7.Qc2 Be7 8.e4 Nxc3
9.bxc3 O-O 10.Bd3 c5 11.O-O cxd4 12.cxd4 Qc8 13.Qe2 Ba6 14.Rd1 Bxd3 15.Rxd3 Nd7
16.e5 Qc4 17.Bg5 Bxg5 18.Nxg5 Rac8 19.Rad1 Rc6 20.Qh5 h6 21.Ne4 Qd5 22.Qh4 Nxe5
23.Qg3 Qxe4 24.dxe5 Rfc8 25.h3 Rc1 26.Rxc1 Rxc1+ 27.Kh2 Rc5 28.Rd8+ Kh7 29.Rd7 Rxe5
30.f3 Qe2 31.Rxf7 Rg5  0-1

[Event "17th Chess Festival"]
[Site "Abu Dhabi UAE"]
[Date "2007.08.14"]
[Round "3"]
[White "Guliev,Sarh"]
[Black "Miroshnichenko,E"]
[Result "0-1"]
[WhiteElo "2484"]
[BlackElo "2671"]

1.d4 Nf6 2.c4 e6 3.Nf3 b6 4.a3 Bb7 5.Nc3 g6 6.e3 Bg7 7.Be2 O-O 8.O-O c5 9.Re1 Ne4
10.Nxe4 Bxe4 11.Bd2 Nc6 12.Bc3 cxd4 13.Nxd4 Nxd4 14.Bxd4 Qg5 15.Bf1 e5 16.Bc3 Rfd8
17.f3 Bc6 18.e4 Qe7 19.b4 d6 20.Bd2 Rac8 21.Be3 f5 22.exf5 gxf5 23.Qd2 Kh8
24.Rac1 Rg8 25.b5 Bb7 26.a4 Bf6 27.Kh1 Bg5 28.a5 bxa5 29.Bxg5 Rxg5 30.Qxa5 Bxf3
31.gxf3 Rcg8 32.Bd3 Rg2 33.Rc2 Rxc2 34.Bxc2 Qg5  0-1

[Event "Open"]
[Site "Callao PER"]
[Date "2007.08.14"]
[Round "9"]
[White "Suasnabar,J"]
[Black "Chauca,J"]
[Result "1-0"]
[WhiteElo "2072"]
[BlackElo "2133"]

1.d4 Nf6 2.c4 e6 3.Nf3 b6 4.a3 d5 5.Nc3 Be7 6.Bg5 O-O 7.Bxf6 Bxf6 8.cxd5 exd5
9.g3 Bb7 10.Bg2 Re8 11.O-O c6 12.b4 b5 13.a4 a6 14.e3 Nd7 15.Nd2 Be7 16.Qb3 Nb6
17.Rfd1 Qd6 18.Rab1 Bc8 19.e4 Be6 20.e5 Qd7 21.a5 Nc4 22.Nxc4 bxc4 23.Qa3 Rab8
24.Na4 Rb5 25.Nc3 Rb7 26.Na4 Reb8 27.Nb6 Qe8 28.f4 Bd8 29.Qf3 Bf5 30.Ra1 Bxb6
31.axb6 Rxb6 32.g4 Be4 33.Qg3 Bxg2 34.Qxg2 Qc8 35.f5 Rxb4 36.f6 c3 37.Rac1 Rc4
38.Qg3 c2 39.Rf1 Qe6 40.Qf4 gxf6 41.exf6 h6 42.Qxb8+ Kh7 43.Qf4 c5 44.Rfe1 Qc8
45.Re7 Qg8 46.Qf5+ Kh8 47.Qh5 Qg6 48.Qxg6 fxg6 49.Re8+ Kh7 50.f7  1-0

[Event "20th Open"]
[Site "Panevezys LTU"]
[Date "2007.08.18"]
[Round "1"]
[White "Buivys,M"]
[Black "Pileckis,E"]
[Result "0-1"]
[WhiteElo "1788"]
[BlackElo "2326"]

1.d4 Nf6 2.c4 e6 3.Nf3 b6 4.a3 Ba6 5.e3 d5 6.Nbd2 Bd6 7.Bd3 O-O 8.O-O Nbd7
9.b3 Bb7 10.a4 Qe7 11.Bb2 Ne4 12.Qc2 f5 13.a5 Rab8 14.Ne5 Nxe5 15.dxe5 Bb4
16.Nxe4 dxe4 17.Be2 bxa5 18.Bd4 Rbd8 19.Rfd1 c5 20.Bb2 Rxd1+ 21.Rxd1 Rd8
22.Kf1 Kf8 23.Bc1 Rd7 24.Rxd7 Qxd7 25.g3 Bc6 26.Bd1 Qd3+ 27.Qxd3 exd3 28.Bb2 Ke7
29.f4 Kd7 30.Kf2 Kc7 31.h3 Kb6 32.g4 g6 33.Kg3 Be1+  0-1

[Event "Petrovskaya Ladya GM"]
[Site "Peterhof RUS"]
[Date "2007.08.18"]
[Round "8"]
[White "Matlakov,M"]
[Black "Khuseinkhodzhaev,M"]
[Result "1-0"]
[WhiteElo "2416"]
[BlackElo "2310"]

1.d4 Nf6 2.c4 e6 3.Nf3 b6 4.a3 Bb7 5.Nc3 d5 6.cxd5 Nxd5 7.e3 Be7 8.Bb5+ c6
9.Bd3 O-O 10.Qc2 h6 11.e4 Nxc3 12.bxc3 Nd7 13.Bf4 c5 14.O-O cxd4 15.cxd4 Rc8
16.Qe2 Rc3 17.Rfc1 Rxa3 18.Rxa3 Bxa3 19.Rc7 Bc8 20.Rxa7 Bb4 21.Qb2 Qf6 22.Bg3 Ba5
23.Bd6 Rd8 24.Qc1 e5 25.dxe5 Qe6 26.Nd4 Qg4 27.h3 Qg5 28.Qxg5 hxg5 29.Nc6 Nxe5
30.Nxd8 Nxd3 31.Nc6  1-0

[Event "VIII Open"]
[Site "Tarragona ESP"]
[Date "2007.08.18"]
[Round "1"]
[White "Marchante Alegria,F"]
[Black "Carlsson,P"]
[Result "0-1"]
[WhiteElo "1834"]
[BlackElo "2480"]

1.d4 e6 2.c4 Nf6 3.Nf3 b6 4.a3 Ba6 5.Qc2 Bb7 6.Bg5 c5 7.Nbd2 cxd4 8.Nxd4 Be7
9.N4f3 O-O 10.g3 d6 11.Bg2 Nbd7 12.O-O Rc8 13.Qb1 h6 14.Bxf6 Nxf6 15.Ne1 Ba6
16.Qa2 d5 17.Rc1 dxc4 18.Rc3 Qxd2  0-1

[Event "17th Chess Festival"]
[Site "Abu Dhabi UAE"]
[Date "2007.08.19"]
[Round "8"]
[White "Safarli,E"]
[Black "Toufighi,H"]
[Result "1-0"]
[WhiteElo "2471"]
[BlackElo "2391"]

1.d4 e6 2.c4 Nf6 3.Nf3 b6 4.a3 Bb7 5.Nc3 d5 6.cxd5 Nxd5 7.Qc2 Nxc3 8.bxc3 Be7
9.e4 O-O 10.Bd3 c5 11.O-O cxd4 12.cxd4 Nc6 13.Bb2 Rc8 14.Qe2 Na5 15.Rad1 Bf6
16.Rfe1 Qd7 17.h4 Qa4 18.Ng5 Bxg5 19.hxg5 Nc4 20.Ba1 Nxa3 21.d5 Nc2 22.Bxc2 Rxc2
23.Qe3 Re8 24.dxe6 fxe6 25.Qg3 Qb5 26.g6 hxg6 27.Qxg6 Rc7 28.Re3 Rf7 29.Rf3 Rfe7
30.Rh3 e5 31.Qh7+ Kf8 32.Qh8+ Kf7 33.Rf3+ Kg6 34.Rg3+ Kf6 35.Rd6+  1-0

[Event "Independence Cup A"]
[Site "Kyiv UKR"]
[Date "2007.08.19"]
[Round "7"]
[White "Brozhik,V"]
[Black "Tchoubar,V"]
[Result "1-0"]
[WhiteElo "2164"]
[BlackElo "2269"]

1.Nf3 Nf6 2.d4 e6 3.c4 b6 4.a3 Bb7 5.Nc3 Ne4 6.Qc2 f5 7.Nxe4 Bxe4 8.Qc3 Be7
9.h4 h6 10.Ne5 Bf6 11.Ng6 Rg8 12.f3 Bb7 13.Qd3 Nc6 14.Be3 Ne7 15.Nf4 c5 16.Nh5 Bxd4
17.Bxd4 cxd4 18.Qxd4 Nc6 19.Qc3 Qe7 20.Nf4 O-O-O 21.h5 Qg5 22.Nd3 e5 23.Nf2 d5
24.cxd5 Rxd5 25.e4 Rc5 26.Bc4 Rd8 27.b4 Rxc4 28.Qxc4 Qe3+ 29.Kf1 Rd2 30.Nd1 Qg5
31.Qe6+ Kc7 32.g4 fxe4 33.b5 exf3 34.Rc1 Rf2+ 35.Kxf2 Qd2+ 36.Kxf3 Qxc1 37.Kg3 Qf4+
38.Kh4 Nd8 39.Qe7+ Kc8 40.Rh3 Bf3 41.Qxg7 Nf7 42.Nf2 e4 43.a4 Qg5+ 44.Qxg5 Nxg5
45.Rg3 e3 46.Nd3 e2 47.Ne1 Bd5 48.Re3 Bc4 49.Rc3  1-0

[Event "TCh-ESP CECLUB Norte Div 1"]
[Site "Sabadell ESP"]
[Date "2007.08.19"]
[Round "6"]
[White "Gomez Jurado,L"]
[Black "Hernando Rodrigo,Jo"]
[Result "1/2-1/2"]
[WhiteElo "2301"]
[BlackElo "2357"]

1.d4 e6 2.Nf3 Nf6 3.c4 b6 4.a3 Bb7 5.Nc3 d5 6.cxd5 exd5 7.Bg5 Be7 8.e3 O-O
9.Bd3 Nbd7 10.O-O Ne4 11.Bf4 Bd6 12.Qc2 Bxf4 13.exf4 Ndf6 14.Ne5 Rc8 15.Nb5 c6
16.Nxa7 Rc7 17.Naxc6 Qa8 18.Bb5 Rfc8 19.Rfc1 Nd6 20.a4 Nc4 21.Nxc4 dxc4 22.d5 Nxd5
23.Ne5  1/2-1/2

[Event "17th Chess Festival"]
[Site "Abu Dhabi UAE"]
[Date "2007.08.20"]
[Round "9"]
[White "Khader,S"]
[Black "Bakre,T"]
[Result "1/2-1/2"]
[WhiteElo "2422"]
[BlackElo "2456"]

1.d4 Nf6 2.c4 e6 3.Nf3 b6 4.a3 Bb7 5.Nc3 d5 6.cxd5 exd5 7.g3 Be7 8.Bg2 O-O
9.O-O Nbd7 10.Bf4 c6  1/2-1/2

[Event "20th Open"]
[Site "Panevezys LTU"]
[Date "2007.08.20"]
[Round "4"]
[White "Ivoskaite,D"]
[Black "Petrovs,A"]
[Result "1-0"]
[WhiteElo "2062"]
[BlackElo "1789"]

1.d4 Nf6 2.c4 e6 3.Nf3 b6 4.a3 Ba6 5.Qc2 Be7 6.g3 Bb7 7.Bg2 O-O 8.O-O d5
9.Bf4 c6 10.Rd1 Nbd7 11.Nc3 Ba6 12.cxd5 cxd5 13.Qa4 Bb7 14.Nb5 Bc6 15.Rac1 Rc8
16.Qb3 Bxb5 17.Qxb5 Nh5 18.Rxc8 Qxc8 19.Rc1 Qe8 20.Bd2 Bd6 21.Qc6 Qe7 22.Qb7 a5
23.Ne1 Nhf6 24.Nd3 Rb8 25.Qc6 h6 26.Bf4 e5 27.dxe5 Nxe5 28.Bxe5 Bxe5 29.Bxd5 Nxd5
30.Qxd5 Bf6 31.Rc2 Rd8 32.Qc6 Rd6 33.Qc8+ Kh7 34.Qf5+ g6 35.Qc8 Rd7 36.Qc6 Rd6
37.Qc7 Qxc7 38.Rxc7 Kg7 39.b4 axb4 40.axb4 Re6 41.Kf1 h5 42.h4 Rd6 43.Kg2 Bd4
44.Kf3 Rf6+ 45.Kg2 Rd6 46.Nf4 Be5 47.Rc4 Rd4 48.Rxd4 Bxd4 49.e4 b5 50.Nd3 Kf6
51.f4 Ke6 52.Kf3 Kd6 53.Nc1 Bc3 54.Nd3 Bd4 55.g4 Ke6 56.f5+ Kd6 57.Kf4 Kc7
58.e5 hxg4 59.Kxg4 Be3 60.Nf4 gxf5+  1-0

[Event "1st Serbian League Men"]
[Site "Zlatibor SRB"]
[Date "2007.08.20"]
[Round "9"]
[White "Arsovic,Z"]
[Black "Jeremic,V"]
[Result "1-0"]
[WhiteElo "2451"]
[BlackElo "2523"]

1.Nf3 Nf6 2.d4 e6 3.c4 b6 4.a3 Ba6 5.e3 d5 6.Nbd2 Be7 7.b4 dxc4 8.Bxc4 Bxc4
9.Nxc4 O-O 10.O-O Qd5 11.Qc2 a5 12.bxa5 bxa5 13.Nfe5 Ra7 14.Rd1 c5 15.dxc5 Qxc5
16.Bb2 Ra6 17.Qa4 Nc6 18.Rac1 Nxe5 19.Nxe5 Qb6 20.Ba1 Qb7 21.Nd7 Rc8 22.Nxf6+ Bxf6
23.Bxf6 gxf6 24.h3 Rxc1 25.Rxc1 Ra8 26.Qd4 Qe7 27.a4 Kg7 28.Rc5 e5 29.Qg4+ Kf8
30.Qc4 Qe6 31.Qe4 Ra7 32.Rc6 Qd7 33.Rxf6 Qe7 34.Rb6 Qd8 35.Rh6 f6 36.Qc6 Rf7
37.Rh4 Rc7 38.Qe6 Qe7 39.Qb6 Rc5 40.Kh2 Kg7 41.Rg4+ Kh6 42.Qb1 e4 43.Rxe4 Qd6+
44.g3 f5 45.Rd4 Qc6 46.Qd1 Kg7 47.Rd7+  1-0

[Event "Independence Cup A"]
[Site "Kyiv UKR"]
[Date "2007.08.21"]
[Round "9"]
[White "Ivanenko,O1"]
[Black "Henrichsen,J"]
[Result "1-0"]
[WhiteElo "2104"]
[BlackElo "2018"]

1.d4 Nf6 2.c4 e6 3.Nf3 b6 4.a3 Bb7 5.Nc3 d5 6.Bg5 Be7 7.e3 O-O 8.Bxf6 Bxf6
9.cxd5 exd5 10.Qb3 Re8 11.Be2 c6 12.O-O Qd6 13.Rfd1 Nd7 14.Qa2 Rad8 15.Rac1 Qb8
16.b4 a6 17.Ne1 Be7 18.Bf3 Bd6 19.g3 Nf6 20.Nd3 h5 21.a4 h4 22.a5 hxg3 23.hxg3 b5
24.Nc5 Bc8 25.Kg2 g6 26.Rh1 Kg7 27.Qe2 Re7 28.Qd2 Bxc5 29.dxc5 Ne4 30.Qd4+ f6
31.Rh2 Qe5 32.Qxe5 Rxe5 33.Ne2 Ng5 34.Nd4 Nxf3 35.Kxf3 Re4 36.Nxc6 Bg4+ 37.Kg2 Rde8
38.Nd4 Bc8 39.Rch1 f5 40.Rh7+ Kf6 41.Rc7 g5 42.Rh6+ Ke5 43.Nc6+  1-0

[Event "Open A"]
[Site "Polanica Zdroj POL"]
[Date "2007.08.21"]
[Round "5"]
[White "Wcislo,D"]
[Black "Panas,P"]
[Result "0-1"]
[WhiteElo "2099"]
[BlackElo "2226"]

1.d4 Nf6 2.c4 e6 3.Nf3 b6 4.a3 Ba6 5.Qc2 Bb7 6.Nc3 c5 7.e4 cxd4 8.Nxd4 d6
9.Be2 Be7 10.O-O Nbd7 11.Rd1 a6 12.Be3 Rc8 13.Nf3 Qc7 14.Rac1 O-O 15.Nd2 Rfe8
16.Qb1 Qb8 17.b4 Qa8 18.f4 h5 19.h3 Bd8 20.Qd3 Bc7 21.Bf3 Nf8 22.Qe2 h4 23.Qf2 Ng6
24.g3 hxg3 25.Qxg3 Rcd8 26.h4 d5 27.h5 dxe4 28.hxg6 exf3 29.gxf7+ Kxf7 30.Kf2 g6
31.Nxf3 Bxf3 32.Qxf3 Rh8 33.Qxa8 Rxa8 34.Rh1 Rad8 35.Kf3 Rxh1 36.Rxh1 Rd3
37.Rc1 Nh5 38.Ne2 Rxa3 39.Rd1 Nf6 40.Rb1 e5 41.fxe5 Bxe5 42.Nf4 g5 43.Ng2 Ke6
44.Ke2 Ne4 45.Re1 Ra2+ 46.Kf1 Bc3 47.Bd2 Rxd2 48.Rxe4+ Kf5 49.Re8 Bxb4 50.Ne3+ Kg6
51.Re6+ Kh5 52.Rxb6 Bc5 53.Re6 Rd3 54.Nd5 a5 55.Kg2 Kg4 56.Nf6+ Kf5 57.Rc6 Bd4
58.Nd5 a4 59.Ra6 a3 60.Kf1 Rb3 61.Ke2 g4 62.Ne7+ Kf4 63.Nd5+ Kg5 64.Ra5 g3
65.Kf1 Kg4 66.Ra6 Kf3  0-1

[Event "XIX Open"]
[Site "Porto San Giorgio ITA"]
[Date "2007.08.22"]
[Round "2"]
[White "Ferri,S"]
[Black "Farago,I"]
[Result "0-1"]
[WhiteElo "2162"]
[BlackElo "2501"]

1.d4 Nf6 2.c4 e6 3.Nf3 b6 4.a3 Ba6 5.Qc2 Bb7 6.Nc3 c5 7.e4 cxd4 8.Nxd4 Bc5
9.Nb3 Nc6 10.Bd3 h6 11.Bf4 d6 12.O-O-O e5 13.Be3 O-O 14.Nd5 Nxd5 15.exd5 Bxe3+
16.fxe3 Ne7 17.Kb1 b5 18.e4 bxc4 19.Qxc4 Rb8 20.Qa4 Qb6 21.Be2 Ba6 22.Rd2 Rfc8
23.Qa5 Qb7 24.Bd3 Bxd3+ 25.Rxd3 Rc5 26.Qa4 Rb5 27.Ka2 f5 28.Re1 fxe4 29.Rxe4 Nxd5
30.Rg4 Nf6 31.Rb4 Rxb4 32.axb4 Qe4 33.Qa6 Rxb4 34.Qxd6 Ra4+ 35.Kb1 Rd4 36.Qe6+ Kh7
37.Nc5 Qg6 38.Qh3 Ne4 39.Ne6 Rxd3 40.Nf8+ Kg8 41.Nxg6 Rxh3 42.gxh3 Nd2+ 43.Kc2 Nf3
44.Ne7+ Kf7 45.Nc6 Nd4+ 46.Nxd4 exd4 47.Kd3 Kf6 48.Kxd4 Kg5 49.b4 Kh4 50.Kc5 Kxh3
51.Kb5 Kxh2 52.Ka6 g5 53.Kxa7 g4 54.b5 g3 55.b6 g2 56.b7 g1=Q+  0-1

[Event "Open A"]
[Site "Polanica Zdroj POL"]
[Date "2007.08.23"]
[Round "7"]
[White "Kuciel,W"]
[Black "Panas,P"]
[Result "0-1"]
[WhiteElo "2162"]
[BlackElo "2226"]

1.Nf3 e6 2.d4 Nf6 3.c4 b6 4.a3 Ba6 5.Qc2 Bb7 6.Nc3 c5 7.d5 exd5 8.cxd5 Nxd5
9.Bg5 f6 10.Nxd5 Bxd5 11.O-O-O Be6 12.Bf4 Be7 13.e3 Nc6 14.Bd3 g6 15.Bc4 Qc8
16.Qc3 O-O 17.g4 d5 18.Bxd5 Bxd5 19.Rxd5 Qxg4 20.Nd2 Qg2  0-1

[Event "LNA Copa Puma"]
[Site "Argentina ARG"]
[Date "2007.08.25"]
[Round "3"]
[White "Lallee,C"]
[Black "Perez,Mar"]
[Result "1/2-1/2"]
[WhiteElo "2147"]
[BlackElo "2015"]

1.d4 Nf6 2.c4 e6 3.Nf3 b6 4.a3 Bb7 5.Nc3 Be7 6.e3 d6 7.Be2 Nbd7 8.O-O O-O
9.Qc2 Rc8 10.e4 c5 11.d5 Ne8 12.dxe6 fxe6 13.Be3 Bf6 14.Rad1 Qe7 15.Nd2 a6
16.f4 Bd4 17.Qd3 Rxf4 18.Bxd4 Rxf1+ 19.Rxf1 cxd4 20.Qxd4 Nef6 21.b4 Bc6 22.h3 Rb8
23.Rd1 Ne5 24.Nb3 Nf7 25.b5 axb5 26.cxb5 Ba8 27.Nd2 d5 28.exd5 Nxd5 29.Nxd5 Bxd5
30.a4 Qa3 31.Bf3 Bxf3 32.Ra1 Qd6 33.Nxf3 Ra8 34.Rd1 Qa3 35.Qxb6 Qxa4 36.Rd7 e5
37.Qe6 Rf8 38.b6 Qf4 39.b7 e4 40.Nh2 Qe3+ 41.Kf1 Qf4+ 42.Kg1 Qe3+ 43.Kf1 Qf4+  1/2-1/2